000 00659nam a2200277Ia 4500
005 20260324150248.0
008 008 260324s9999 xx 000 0 eng d
020 _a9781003535485
037 _aEBOOK
040 _aCRL
040 _beng
040 _cCRL
041 _2eng
041 _aeng
084 _qCRL
100 _aStanley Dale Krebs
_91225822
245 0 _aSoviet Composers and the Development of Soviet Music
260 _bTaylor and Francis
260 _c1970
365 _a
365 _b165
856 _uhttp://www.taylorfrancis.com/books/9781003535485
942 _cEBOOK
999 _c1834962
_d1834962